000 00278nam a22001337a 4500
008 171219b xxu||||| |||| 00| 0 eng d
020 _a9780939798629
041 _aeng
080 _a51
100 _a38
101 _aMAT
245 _aALGEBRA 2
_cSAXON.J.H
942 _2udc
_cBK
999 _c39166
_d39166